000 00756nam a2200217Ia 4500
003 GCL
008 140319s9999 xx 000 0 ara d
040 _aGCL /
_cGCL
082 0 4 _aق
_b962.064
_bا ع
100 1 _aابراهيم العربى
245 1 0 _aعبدالناصر بين يدى التاريخ /
_cابراهيم العربى
250 _aالاولى
260 _aالقاهرة :
_bشركة مطابع المختار للطباعة والنشر ،
_c1985
300 _a160ص ؛
_c24سم
490 _aسلسلة زعماء العرب - الكتاب الأول
_v0
650 0 4 _aالعصر الحديث
650 0 4 _aمصر - تاريخ
650 0 4 _aمصر - تراجم
650 0 4 _aجمال عبدالناصر
942 _2ddc
_cBK
999 _c43598
_d43598